[Event "HCL-B115"]
[Site "www.playchess.de"]
[Date "2001.04.30"]
[Round "5"]
[White "Czentovic"]
[Black "FrancoMatt"]
[WhiteElo "1200"]
[BlackElo "1500"]
[PlyCount "69"]
[Result "1-0"]

1.d4 Nf6 2.c4 Nc6 3.Nc3 e6 4.a3 d5 5.e3 dxc4 
6.Bxc4 Bd6 7.Nf3 O-O 8.O-O e5 9.d5 Na5 10.Bd3 Ng4 
11.b4 Qf6 12.Ne4 Qe7 13.bxa5 f5 14.Nxd6 Qxd6 15.e4 
fxe4 16.Bxe4 Bf5 17.Bxf5 Rxf5 18.Rb1 e4 19.h3 exf3 
20.hxg4 Rxd5 21.Qxf3 Rf8 22.Qb3 Rf6 23.Rd1 c6 
24.Rxd5 cxd5 25.Qxb7 Qc5 26.Be3 Qxa3 27.Qxa7 Qd6 
28.Bd4 Rg6 29.Rb8+ Qxb8 30.Qxb8+ Kf7 31.Qb7+ Ke6 
32.Qb6+ Kd7 33.Qxg6 hxg6 34.a6 Kc7 
35.a7 1-0

[Event "HCL-B135"]
[Site "www.playchess.de"]
[Date "2001.04.30"]
[Round "24"]
[White "Romulus73"]
[Black "Sturk"]
[WhiteElo "1835"]
[BlackElo "1635"]
[PlyCount "49"]
[Result "1-0"]

1.e4 e5 2.Nf3 Nc6 3.Bc4 Bc5 4.d3 Nf6 5.Nc3 d6 
6.Bg5 Na5 7.Bb5+ c6 8.Ba4 b5 9.Bb3 h6 10.Bh4 O-O 
11.h3 Nxb3 12.axb3 Be6 13.O-O Bb6 14.d4 exd4 
15.Nxd4 Rc8 16.Re1 Re8 17.b4 g5 18.Bg3 d5 19.exd5 
Bxd5 20.Nf5 Rxe1+ 21.Qxe1 Kh7 22.Nd6 Rc7 23.Nxd5 
cxd5 24.Nxb5 Rxc2 25.Qb1 1-0

[Event "HCL-B142"]
[Site "www.playchess.de"]
[Date "2001.04.30"]
[Round "16"]
[White "OObuc"]
[Black "Matu"]
[WhiteElo "1181"]
[BlackElo "1513"]
[PlyCount "62"]
[Result "0-1"]

1.e4 d5 2.e5 c5 3.d4 cxd4 4.Qxd4 Nc6 5.Qa4 Bd7 
6.Qb5 Qa5+ 7.Qxa5 Nxa5 8.Nc3 e6 9.Bd3 Bb4 10.Bd2 
Nc4 11.Bxc4 dxc4 12.Nf3 Bxc3 13.Bxc3 Ne7 14.O-O 
O-O 15.Rfd1 Rfd8 16.Ba5 b6 17.Bb4 Nf5 18.Nd4 Nxd4 
19.Rxd4 Bb5 20.Bd6 Rd7 21.a4 Ba6 22.Rad1 Rad8 
23.g3 f6 24.Re1 fxe5 25.Bxe5 R7xd4 26.Bxd4 Rxd4 
27.Rxe6 c3 28.bxc3 Rxa4 29.Re8+ Kf7 30.Ra8 Bb7 
31.Rh8 Ra1+ 0-1

[Event "HCL-B143"]
[Site "www.playchess.de"]
[Date "2001.04.30"]
[Round "8"]
[White "chess007"]
[Black "Jeff_Foster"]
[WhiteElo "1500"]
[BlackElo "1272"]
[PlyCount "56"]
[Result "1/2-1/2"]

1.e4 e5 2.Nf3 Nc6 3.Bb5 a6 4.Ba4 Nf6 5.O-O Be7 
6.Bxc6 dxc6 7.h3 O-O 8.Re1 {Hi! Do you know if 
there are prizes for the winners of the Grand Prix 
chess?}  Qd6 {I think there might be, don't know 
what they are or when they are awarded though :)}  
9.c3 {Ok.Thanks}  c5 10.d4 cxd4 11.cxd4 Nd7 12.Nc3 
{.}  c6 13.Be3 Rd8 14.Qc2 {.}  exd4 15.Nxd4 Nf6 
16.Rad1 Qc7 17.Nce2 Bd6 18.f4 Qe7 19.Ng3 Bb4 
20.Re2 c5 {I am on holiday for a week :)}  21.Ndf5 
Rxd1+ 22.Qxd1 Bxf5 23.exf5 Rd8 24.Qa4 Rd6 25.Bxc5 
Bxc5+ 26.Kh2 Ng4+ 27.Kh1 Nf2+ 28.Kh2 Ng4+ {Draw?  
If you take the Knight Qh4 mates otherwise I 
repeat?}  1/2-1/2

[Event "ACL-A062"]
[Site "www.playchess.de"]
[Date "2001.04.30"]
[Round "7"]
[White "Yogibear"]
[Black "aldo"]
[WhiteElo "1749"]
[BlackElo "1500"]
[PlyCount "86"]
[Result "0-1"]

1.c4 Nf6 2.g3 c5 3.Nf3 b6 4.Bg2 Bb7 5.O-O e6 6.Nc3 
Be7 7.d4 cxd4 8.Qxd4 d6 9.b3 O-O 10.Bb2 a6 11.Rfd1 
Nbd7 12.h3 Qc7 13.Rd2 Rac8 14.Rad1 Rfd8 15.Ne1 
Bxg2 16.Nxg2 Qb7 17.Ba3 b5 18.cxb5 axb5 19.Bb4 Nc5 
20.Ba5 Rde8 21.b4 e5 22.Qe3 Ne6 23.f4 Nd4 24.a3 
Qc6 25.fxe5 dxe5 26.R2d3 Qa8 27.Kh2 Rxc3 28.Rxc3 
Nd5 29.Qd3 Nxc3 30.Qxc3 Rc8 31.Qe3 Rc2 32.Rd2 Rxd2 
33.Qxd2 Qe4 34.Qe3 Qxe3 35.Nxe3 Nxe2 36.Kg2 Bg5 
37.Nc2 Nc3 38.Bb6 f5 39.Be3 Bxe3 40.Nxe3 g6 41.h4 
Kf7 42.Nc2 Ke6 43.Kf2 {sorry for the 
holidays-delay! No it runs quicker! Greetings!}  
Kd5 0-1

[Event "HCL-C153"]
[Site "www.playchess.de"]
[Date "2001.04.30"]
[Round "35"]
[White "wildbill"]
[Black "Hulkster"]
[WhiteElo "1000"]
[BlackElo "1000"]
[PlyCount "59"]
[Result "1-0"]

1.d4 e6 2.Nc3 Nh6 3.e4 Qf6 4.Be3 e5 5.Qb1 exd4 
6.Nge2 dxe3 7.Nf4 Qxf4 8.Bd3 Qxf2+ 9.Kd1 Ng4 
10.Ne2 Bd6 11.a4 Bxh2 12.c3 Qxg2 13.Rg1 Bxg1 
14.Nxg1 Qxg1+ 15.Kc2 Qxb1+ 16.Rxb1 b6 17.Re1 Ba6 
18.Be2 Bxe2 19.Rxe2 O-O 20.Rg2 h5 21.b4 Re8 22.e5 
Rxe5 23.Kd3 Nc6 24.Ke2 Nxb4 25.cxb4 Re4 26.Rg3 
Rae8 27.Kf3 c5 28.bxc5 bxc5 29.Rh3 g6 
30.a5 1-0

[Event "HCL-B149"]
[Site "www.playchess.de"]
[Date "2001.04.30"]
[Round "7"]
[White "pdqbach"]
[Black "Nils"]
[WhiteElo "1152"]
[BlackElo "1707"]
[PlyCount "63"]
[Result "1-0"]

1.e4 e5 2.Nf3 Nc6 3.Bb5 a6 4.Ba4 b5 5.Bb3 Nf6 6.d3 
Be7 7.a3 Bb7 8.O-O O-O 9.Nc3 Re8 10.Nd5 a5 
11.Nxe7+ Qxe7 12.Bg5 a4 13.Ba2 Qd6 14.h3 Ra6 
15.Qd2 Rd8 16.Nh4 Ne7 17.f4 Nxe4 18.Bxf7+ Kh8 
19.Qe3 Nxg5 20.fxg5 Rc6 21.c3 Rc5 22.Ba2 Bd5 
23.Bxd5 Rxd5 24.Rad1 c5 25.Qe4 c4 26.Rf3 Re8 
27.Nf5 Nxf5 28.Qxf5 e4 29.Qxd5 Qxd5 30.Re3 cxd3 
31.h4 Qc5 32.Rdxd3 1-0

[Event "HCL-E023"]
[Site "www.playchess.de"]
[Date "2001.04.30"]
[Round "8"]
[White "estrada"]
[Black "Merscheid"]
[WhiteElo "1678"]
[BlackElo "2289"]
[PlyCount "73"]
[Result "1/2-1/2"]

1.e4 e5 2.d4 exd4 3.Nf3 Bb4+ 4.c3 dxc3 5.Nxc3 Nf6 
6.e5 Qe7 7.Bc4 d6 8.O-O dxe5 9.Nxe5 Qxe5 10.Re1 
Bxc3 11.Rxe5+ Bxe5 12.Qe2 Nc6 13.Bb5 O-O 14.Bxc6 
Bxh2+ 15.Kxh2 bxc6 16.Bf4 Nd5 17.Bg3 f5 18.Qc4 f4 
19.Bh4 Bd7 20.Rd1 Rf5 21.g4 Re5 22.f3 Rae8 23.Rd2 
h5 24.g5 R5e3 25.g6 R8e6 26.Rxd5 cxd5 27.Qxd5 Be8 
28.Qxh5 R3e2+ 29.Kh1 Bxg6 30.Qd5 Bf7 31.Qd8+ R6e8 
32.Qd4 {last chance for a draw!}  Rc2 33.Qxf4 Ree2 
34.Qg5 Rcxb2 35.Qd8+ Kh7 36.Bf2 Rexf2 
37.Qh4+ 1/2-1/2

[Event "HCL-E025"]
[Site "www.playchess.de"]
[Date "2001.04.30"]
[Round "6"]
[White "KARFOPOULOS"]
[Black "Lukos"]
[WhiteElo "2333"]
[BlackElo "2000"]
[PlyCount "70"]
[Result "0-1"]

1.e4 c5 {Hairete!}  2.Nf3 {Geia sou kai sena!! 
kali tixi ( good luck )!!!}  d6 3.d4 cxd4 {Have 
you ever heard --Agvi Parfeve--?}  4.Nxd4 {SORRY, 
I HAVE NOT.}  Nf6 5.Nc3 g6 6.Be3 Bg7 7.f3 Nc6 
8.Qd2 O-O 9.O-O-O d5 10.Nxc6 bxc6 11.Bd4 dxe4 
12.fxe4 Bg4 13.Be2 Bxe2 14.Qxe2 Qa5 15.e5 Nd5 
16.Kb1 Nf4 17.Qc4 Ne6 18.Qxc6 Rab8 19.Ne2 Nxd4 
20.Nxd4 Qxe5 21.c3 Rfc8 22.Qf3 Qc7 23.Rhf1 e5 
24.Nb3 Rcd8 25.Rd5 f5 26.Rfd1 e4 27.Qg3 Qb6 
28.R5d6 Rxd6 29.Qxd6 Qxd6 30.Rxd6 Be5 31.Rd7 Bxh2 
32.Rxa7 f4 33.Nd2 Re8 34.Ra4 e3 35.Ne4 
e2 0-1

[Event "HCL-B171"]
[Site "www.playchess.de"]
[Date "2001.04.30"]
[Round "19"]
[White "Alone"]
[Black "Franky"]
[WhiteElo "1475"]
[BlackElo "1901"]
[PlyCount "129"]
[Result "1/2-1/2"]

1.c4 e6 {In chess world we are not alone?!{Sorry, 
joking) Nice to meet you}  2.Nc3 {Hi to you too. I 
am not alone in chess. Just in life.}  Nf6 3.d4 d5 
4.Bg5 Be7 5.e3 O-O 6.Nf3 h6 7.Bh4 b6 8.Qc2 c5 
9.dxc5 bxc5 10.cxd5 exd5 11.Rd1 Nbd7 12.Be2 Bb7 
13.O-O a6 14.Nd2 Re8 15.Nb3 Qc7 16.Bf3 Bd6 17.Nxd5 
Nxd5 18.Bxd5 Bxd5 19.Rxd5 c4 20.Rd4 Rac8 21.Nd2 
Bxh2+ 22.Kh1 c3 23.Qxc3 Be5 24.Qxc7 Rxc7 25.Rc4 
Rb7 26.b3 Nb6 27.Rc6 Bb8 28.e4 Bf4 29.Rd1 {I am 
sorry for long absense. I am writting one 
scientific work:)}  Rd7 {Congratulation! What kind 
of scientific do you write, if you don't mind?}  
30.Rxb6 {Well, it's my graduate work in 
University. About project finance.}  Rxe4 {Good 
works!}  31.f3 {Thanks:)}  Re5 32.Be1 Rh5+ 33.Kg1 
Ra5 {while you were writting your paper i made a 
blunder}  34.Rb4 {Sometimes it happens..may be it 
was sacrifice:)}  Be3+ {And sometimes awaiting the 
opponent to move for to long makes forget what's 
in mind}  35.Kf1 Rxa2 36.Ke2 Re7 37.Re4 Rxe4 
38.fxe4 Bc5 39.Rc1 Bb4 40.Kd3 a5 41.Rc2 Ra1 42.Bf2 
Ra3 43.Bc5 Bxc5 44.Rxc5 Kh7 45.Rf5 Kg6 46.g4 f6 
47.e5 fxe5 48.Rxe5 Kf6 49.Rf5+ Ke6 50.Rh5 Ra1 
51.Nf3 a4 52.Ra5 a3 53.b4 a2 54.Ke4 Kd6 55.Ra6+ 
Kc7 56.b5 g5 57.Ke3 h5 58.gxh5 g4 59.h6 gxf3 60.h7 
Rh1 61.Rxa2 Kb6 62.Ra6+ Kxb5 63.Ra7 Rh3 64.Ra8 
Rxh7 {Frankly speaking you should win this game. 
And thanks anyway of your companion I like your 
style}  65.Kxf3 {Thanks for the game to you too. I 
hope we'll meet in another tournament:)Endspiel 
was very good.}  1/2-1/2

[Event "HCL-A075"]
[Site "www.playchess.de"]
[Date "2001.04.30"]
[Round "7"]
[White "CheckMaster"]
[Black "Sd_68"]
[WhiteElo "1700"]
[BlackElo "1748"]
[PlyCount "92"]
[Result "0-1"]

1.d4 Nf6 2.Nf3 g6 3.Bf4 Bg7 4.Nbd2 O-O 5.e4 d6 
6.c3 c5 7.d5 e5 8.Bg5 a6 9.a4 a5 10.Bb5 Na6 11.O-O 
Nc7 12.c4 Nxb5 13.cxb5 Qc7 14.Bxf6 Bxf6 15.Nc4 b6 
16.h3 Bd8 17.Ra3 f5 18.Nfd2 f4 19.g4 fxg3 20.fxg3 
Rxf1+ 21.Qxf1 Bg5 22.Rf3 Bb7 23.h4 Bh6 24.Qg2 Rf8 
25.g4 Bf4 26.Kf2 Bc8 27.Ne3 Bxe3+ 28.Kxe3 Rxf3+ 
29.Qxf3 c4 30.Ke2 Qc5 31.Kf1 Qb4 32.Qc3 Qxa4 33.b3 
Qxb5 34.Qxc4 Qxc4+ 35.Nxc4 a4 36.bxa4 Ba6 37.Kf2 
Bxc4 38.Ke3 Bb3 39.Kd3 Bxa4 40.g5 Kg7 41.Kc3 Kf7 
42.Kb4 Bc2 43.Kb5 Bxe4 44.Kc6 Bxd5+ 45.Kxd5 b5 
46.Ke4 b4 0-1

[Event "HCL-C187"]
[Site "www.playchess.de"]
[Date "2001.04.30"]
[Round "1"]
[White "dg"]
[Black "Eddie"]
[WhiteElo "1086"]
[BlackElo "1344"]
[PlyCount "128"]
[Result "0-1"]

1.e4 e5 2.Nf3 Nc6 3.Bb5 d6 4.Bxc6+ bxc6 5.h3 Nf6 
6.O-O Nxe4 7.d3 Nf6 8.Bg5 Be7 9.Nbd2 h6 10.Be3 O-O 
11.d4 exd4 12.Bxd4 d5 13.Nb3 Re8 14.Qd3 a5 15.Ne5 
Ba6 16.c4 Bxc4 17.Nxc4 dxc4 18.Qxc4 Qd5 19.Qc3 Bb4 
20.Qd3 c5 21.Rfd1 cxd4 22.Qxd4 Qxd4 23.Nxd4 Rad8 
24.Nb5 c5 25.a3 Rxd1+ 26.Rxd1 Re1+ 27.Rxe1 Bxe1 
28.Kf1 Bd2 29.Ke2 Bc1 30.b3 Nd5 31.Nd6 Bxa3 32.Kd3 
Nf4+ {Guess You might consider resigning?!?}  
33.Kc4 Nxg2 34.Ne4 Nf4 35.h4 Ne6 36.Nd6 h5 37.Nb7 
Bb4 38.Nd6 g5 39.hxg5 h4 40.Ne4 h3 {Give up}  
41.Ng3 Nxg5 42.Kd3 Kh7 43.Ke3 Kg6 44.f4 Nh7 {You 
are wasting my time!}  45.Kd3 {why are u playing 
then?}  Nf6 {I like to beat unskilled players like 
yourself...}  46.Ke3 Be1 47.Nf1 Ng4+ 48.Ke2 h2 
49.Nxh2 Nxh2 {Now I am seriously into 
trouble...deep}  50.Kxe1 Nf3+ {Can't you just stop 
wasting my time...}  51.Ke2 Nd4+ 52.Kd3 Nxb3 
53.Kc4 a4 54.Kc3 Kf5 55.Kb2 Kxf4 56.Ka3 Ke3 
57.Kxa4 Nd2 {nice f-line pawns....}  58.Ka3 f5 
59.Kb2 f4 60.Kc2 Ke2 61.Kc1 f3 62.Kc2 f2 
{Hahhahhaaaa!!!!!! Forbanner}  63.Kc3 f1Q {%}  
64.Kb2 Qb1+ {In the next time!} 
 0-1

[Event "HCL-A076"]
[Site "www.playchess.de"]
[Date "2001.04.30"]
[Round "8"]
[White "FireRook"]
[Black "Darkcurrent"]
[WhiteElo "2082"]
[BlackElo "1800"]
[PlyCount "37"]
[Result "1-0"]

1.e4 e6 {gl}  2.d4 {thanks good lock you too}  d5 
3.Nc3 Nf6 4.Bg5 Be7 5.e5 Nfd7 6.Bxe7 Qxe7 7.Nf3 a6 
8.Be2 c5 9.dxc5 Qxc5 10.O-O Nc6 11.Re1 O-O 12.Bd3 
h6 13.Qd2 b5 14.Qf4 Qb4 15.Qe3 Kh8 16.a3 Qxb2 
17.Qd2 b4 18.Na4 Qxa1 19.Rxa1 1-0

[Event "HCL-C191"]
[Site "www.playchess.de"]
[Date "2001.04.30"]
[Round "7"]
[White "kldr"]
[Black "Hobbit"]
[WhiteElo "1646"]
[BlackElo "1000"]
[PlyCount "97"]
[Result "1-0"]

1.d4 {Hallo, auf ein schönes Spiel! Klaus}  d5 
2.Nf3 Bg4 {Hallo Klaus, wünsche ich uns auch. Gruß 
Stefan}  3.c4 {Wo steckst Du in D.?}  e6 {In 
Gärtringen, in Schwaben. Wo bist Du?}  4.h3 {In 
Essen, Nordrhein-Westfalen.}  Bxf3 5.exf3 Bb4+ 
6.Nc3 {Du greifst ja gewaltig an.}  b6 {Je weniger 
Figuren, desto leichter zu überblicken [grins]}  
7.Qa4+ {Na gut,jetzt starte ich zum Gegenangriff.} 
 Qd7 {Habe ich tatsächlich b6 gezogen? 
Grauenhaft!}  8.Qxb4 {Das kommt auf die Sichtweise 
an, ich finde es nicht so grauenhaft. :-) Klaus}  
Nc6 9.Qa4 Nxd4 10.Qxd7+ {Es ist traurig aber wir 
müssen ohne Damen weiterspielen.}  Kxd7 {Tjaja, 
aber irgendwie spannend in dem frühen Stadium.}  
11.Rb1 {Ich muß aufpassen wie ein Luchs, Du 
Schlingel.}  Nf6 12.Bg5 Ne8 13.Rd1 {Gruß nach 
Gärtringen. Klaus}  Nc2+ {Hallo Klaus, Gruß 
zurück. Stefan}  14.Kd2 {... und ein schönes 
Wochenende!}  Nb4 15.a3 {Feierst Du Fassenacht? 
(Bei uns Karneval).}  f6 {Nee, ist nicht meine 
Sache. Bist Du ein Karnevalfreak?}  16.Bf4 
{Überhaupt nicht.Habe mich aber über einen freien 
Tag gefreut,den ich zum Arbeiten genutzt habe.}  
Nc6 17.cxd5 Nd4 18.dxe6+ {Nun ist ja alles wieder 
vorbei.}  Nxe6 {Leider oder zum Glück?}  19.Ke3+ 
{Zum Glück. Schönes Wochenende, Stefan. Klaus}  
Ke7 {Hallo Klaus, war kurz im Skiurlaub... Gruß 
Stefan}  20.Nd5+ {Dann hast Du gar nicht erlebt, 
dass hier nichts mehr ging? Wie war´s? Wo warst 
Du?}  Kf7 {Doch, am WE. Ich war in Kleinarl im 
Salzburger Land. Klasse Wetter, noch guter Schnee, 
nette Skihütt}  21.Bc4 {Was ist denn WE?}  b5 
22.Nb6 {Jetzt probier ich was aus, bin sehr 
gespannt. Gruß Klaus}  axb6 {WE heißt Wochenende, 
ist letztes Mal nicht angekommen. Du willst wohl 
auf d7!}  23.Rd7+ {Genau!}  Kg6 24.Bxe6 {Hat ja 
funktioniert.}  Rf8 {Hab ich auch nicht 
bezweifelt.}  25.Rc1 {Aber ich war mir nicht 
sicher.}  h6 26.g4 Kh7 27.Rc6 {Jetzt geht´s zum 
Angriff. Schönes Wochenende! Klaus}  Kh8 {Hallo 
Klaus, wünsche noch einen schönen Sonntag... Gruß 
Stefan}  28.Bxc7 {Danke -- und Dir eine angenehme 
Woche. Klaus}  Rc8 29.Rd8 Nxc7 30.Rxc8 {Ist im 
Schwabenland auch der Frühling ausgebrochen? 
Wunderschön hier! Gruß Klaus}  Nxe6 {Ja, hier 
blüht schon einiges. Gestern etwa 23°C... Gruß 
Stefan}  31.Rxf8+ {Heute gemischt, Wechsel 
Sonne/Regen. Aber der Winter ist endgültig vorbei! 
Juchhu!!!}  Nxf8 32.Rxb6 g5 33.Rxb5 {Wie läuft´s 
bei Deinen Spielen?}  Ne6 {Sieht nach 2-2 aus. Und 
bei Dir?}  34.Rb6 {Vielleicht 3-1, vielleicht 2-2, 
bin nicht sicher. Schönes Wochenende! Klaus}  Nf4 
{Danke, ebnso!   Gruß Stefan}  35.Ke4 Nxh3 36.Rxf6 
Nxf2+ 37.Kf5 {Du wehrst Dich energisch, gut so. 
Schönen Tag! Klaus}  Kg7 {Tja, das Spiel ist 
natürlich verloren, sowas ist aber immer eine gute 
Übung!... Gruß Stefan}  38.b4 {Gib die Hoffnung 
nicht auf,es kann durchaus sein, dass mir noch 
irgendein blöder Fehler unterläuft.}  Nd1 {Na, 
dann müßtest Du Dich aber schon verdammt dumm 
anstellen. Du hast ja alle Zeit der Welt!}  
39.Rg6+ {Stimmt. Aber bei mir weiß man nie ...}  
Kh7 40.Kf6 Ne3 41.Rg7+ {Hast Du die Ostertage gut 
verbracht?}  Kh8 {Habe ich. War mal wieder in 
Bremen. Wie wars bei Dir? Gruß Stefan}  42.Kg6 {In 
Ruhe zu Hause, habe mich über das schlechte Wetter 
geärgert, konnte nicht Tennis spielen.}  Ng2 {Wir 
hatten auch Schneefall, Regen und viel Wind. Aber 
immer Schweinekalt.}  43.Kxh6 {Ganz allmählich 
wird´s wärmer, ich habe Hoffnung. Gruß  Klaus}  
Nf4 {Joh, gestern Schneefall und heute 
T-Shirt-Wetter. Schönen Gruß}  44.b5 {Heute hier 
15°!- Jetzt marschiert endlich der Bauer.}  Ng6 
45.Rh7+ {Ein gemeiner Zug, ich war stark in 
Versuchung, den Springer zu schlagen. Nicht 
schlecht! Gruß Klaus}  Kg8 {Hi Klaus, das war die 
letzte Möglichkeit. Gruß Stefan}  46.Kxg6 
{Vielleicht fällt Dir noch was ein.}  Kf8 {Keine 
Möglichkeit mehr. Der b geht durch auf b8. Gruß 
Stefan}  47.b6 {Hätte gern ohne Hilfe des b 
gewonnen, ist aber zu kompliziert. Gruß Klaus}  
Ke8 {Stimmt!}  48.b7 {Spiele mittlerweile in der 
B-league, hoffe, Dich dort wiederzutreffen. Klaus} 
 Kd8 {Mal schauen, ob ich bald nachziehen kann... 
Viel Glück! Gruß Stefan}  49.b8Q+ {%} 
 1-0

[Event "HCL-B188"]
[Site "www.playchess.de"]
[Date "2001.04.30"]
[Round "3"]
[White "Crate"]
[Black "chesskidding"]
[WhiteElo "1200"]
[BlackElo "1348"]
[PlyCount "65"]
[Result "1-0"]

1.d4 d5 {Hello and good luck! Mike from Wisconsin 
here, pleased to make your chess acquaintance.}  
2.c4 dxc4 3.Nc3 a6 4.a4 e6 {Interesting 
game..already I have thrown away the opening 
book!}  5.e4 {I taste very to play the gambit of 
the queen. I wait to adequately continuation of 
the game.}  Nf6 {How is life in Brazil Rodrigo.. I 
would like to travel to South America some day.}  
6.Bxc4 {I like of here! We have many problemens, 
but the people is amiable, and you coud go into 
"Carnaval".}  c6 {What is carnival? Is that like 
Mardi Gras?}  7.Nge2 {Thats a tipe of party. The 
people come from the street and dancing the 
"samba". What's "Mardi Gras"?}  b6 {mardi Gras 
takes place in New Orleans...street dancing, 
floats, celebrating, dancing and wild life..}  
8.O-O {That's right! But in Brazil there few 
clothes and everibody are free of social taboo.}  
Bb7 {Yes.. I am sure Brazil has us 
there....although I am told the mardi gras is 
similar. Sounds like fun}  9.Qb3 Be7 10.Rd1 O-O 
{Hotly contested d5 square!}  11.Bg5 b5 12.Nf4 
{Thats right! We are far of the king...}  Nxe4 
{time to heat it up a bit!}  13.Nxe6 {Now, the 
game will be very hot!}  fxe6 {...here we go...}  
14.Bxe6+ Kh8 {yes.. the board should be a little 
less crowded though..(:}  15.Bxe7 Qxe7 16.Nxe4 Nd7 
{Are you through taking my guys for a while?   (:} 
 17.axb5 {My only intention is intensify the 
preassure. If will be good, i dont now...}  axb5 
18.Qh3 {Corrigenda: "now" by "know"...}  Nf6 
19.Nc5 Rxa1 20.Rxa1 Ra8 21.Rxa8+ Bxa8 22.Qa3 Qd8 
23.Qa7 Ne8 24.Bd7 Nf6 25.Bf5 g6 26.Ne6 Qg8 27.Bh3 
g5 28.Bf5 c5 {desperation is setting in..u have 
played a very good game}  29.dxc5 {Im honored for 
take part of this great game. The problem is: its 
not over!}  Bd5 30.Qe7 Ne4 31.f3 Bxe6 32.Bxe6 Qa8 
{I have a few moves left but it is 
over...Excellent game..You deserved to win..you 
outplayed me..}  33.h3 1-0

[Event "HCL-E030"]
[Site "www.playchess.de"]
[Date "2001.04.30"]
[Round "5"]
[White "Manya"]
[Black "Chris"]
[WhiteElo "2000"]
[BlackElo "2096"]
[PlyCount "55"]
[Result "1-0"]

1.e4 {Good Luck}  c5 2.Nc3 e6 3.Bc4 a6 4.a4 Nc6 
5.f4 g6 6.f5 exf5 7.d3 fxe4 8.dxe4 Bg7 9.Nf3 Nge7 
10.O-O O-O 11.Qe1 Na5 12.Ba2 c4 13.Qh4 f6 14.Be3 
Nec6 15.Nd5 d6 16.Bb6 Qd7 17.Bxa5 Nxa5 18.Nb6 Qd8 
19.Nxa8 Be6 20.Rad1 Qxa8 21.Rxd6 Bf7 22.Rfd1 Nc6 
23.R6d7 Qa7+ 24.Qf2 Qxf2+ 25.Kxf2 b5 26.axb5 axb5 
27.Rc7 Nd8 28.Rc5 1-0

[Event "ACL-A106"]
[Site "www.playchess.de"]
[Date "2001.04.30"]
[Round "8"]
[White "chucaniam"]
[Black "foxzy"]
[WhiteElo "1500"]
[BlackElo "1267"]
[PlyCount "76"]
[Result "0-1"]

1.e4 e5 {Hello!}  2.Nf3 Nf6 3.Nc3 Nc6 4.Bb5 Nd4 
5.Ba4 Bc5 6.O-O O-O 7.Nxe5 d6 8.Nd3 Bg4 9.Qe1 Bb6 
10.Kh1 Re8 11.f3 Bd7 12.Bxd7 Qxd7 13.Qd1 Re7 
14.Ne2 Rae8 15.Nxd4 Bxd4 16.c3 Bb6 17.Nf4 h6 
18.Nd5 Nxd5 19.exd5 R7e5 20.d4 Rxd5 21.Qc2 Qe7 
22.Bd2 Qd8 23.Rfe1 c5 24.Re4 cxd4 25.cxd4 Rxd4 
26.Rxe8+ Qxe8 27.Re1 Qd7 28.Bc3 Rc4 29.Qe2 d5 
30.Qe5 f6 31.Qb8+ Kh7 32.Qe8 Qxe8 33.Rxe8 Bd4 
34.h3 Bxc3 35.bxc3 Rxc3 36.Re7 Rc1+ 37.Kh2 Rb1 
38.Rd7 Rb5 0-1

[Event "ACL-E007"]
[Site "www.playchess.de"]
[Date "2001.04.30"]
[Round "2"]
[White "Goofy"]
[Black "Milamber"]
[WhiteElo "1744"]
[BlackElo "2105"]
[PlyCount "86"]
[Result "0-1"]

1.d4 Nf6 2.c4 g6 3.Nc3 d5 4.cxd5 Nxd5 5.e4 Nxc3 
6.bxc3 Bg7 7.Bc4 c5 8.Ne2 O-O 9.O-O Nc6 10.Be3 Qc7 
11.Rc1 Rd8 12.Qd2 b6 13.Rfd1 Bb7 14.f3 Rac8 15.Qe1 
Na5 16.Bd3 cxd4 17.cxd4 Qd7 18.d5 Rxc1 19.Nxc1 e6 
20.dxe6 Qxe6 21.Qe2 Nc4 22.Bxc4 Rxd1+ 23.Qxd1 Qxc4 
24.Qd8+ Bf8 25.Nd3 Qxa2 26.Bf4 Qb1+ 27.Kf2 Qc2+ 
28.Kg3 Qc8 29.Qf6 Qe6 30.Qd8 Qe7 31.Qd4 Ba6 32.Ne5 
g5 33.Bd2 Bg7 34.f4 Bb7 35.Bc3 gxf4+ 36.Kf3 Qc7 
37.Kxf4 b5 38.Ke3 a5 39.Bb2 a4 40.g4 a3 41.Ba1 b4 
42.Qxb4 Qc1+ 43.Qd2 Bh6+ 0-1

[Event "HCL-E026"]
[Site "www.playchess.de"]
[Date "2001.04.30"]
[Round "4"]
[White "paule"]
[Black "nepper"]
[WhiteElo "1994"]
[BlackElo "1619"]
[PlyCount "31"]
[Result "1/2-1/2"]

1.e4 c6 2.Nf3 d5 3.Nc3 Bg4 {good luck}  4.h3 {:)}  
Bxf3 5.Qxf3 Nf6 6.e5 Nfd7 7.d4 e6 8.Bf4 Qa5 
9.O-O-O c5 10.dxc5 a6 11.Kb1 Nc6 12.Qg3 Nxc5 
13.Bd2 Qc7 14.f4 d4 15.Ne2 Ne4 
16.Qf3 1/2-1/2

[Event "ACL-A116"]
[Site "www.playchess.de"]
[Date "2001.04.30"]
[Round "10"]
[White "Mathew_Cooke"]
[Black "clintouille"]
[WhiteElo "1500"]
[BlackElo "1500"]
[PlyCount "29"]
[Result "1-0"]

1.d4 c5 2.c3 c4 3.e4 d5 4.e5 Nc6 5.Nf3 Bf5 6.b3 e6 
7.bxc4 f6 8.cxd5 Qxd5 9.exf6 Bxb1 10.fxg7 Bxg7 
11.Rxb1 O-O-O 12.Qc2 Re8 13.Bf4 e5 14.Qf5+ Kb8 
15.Bg3 1-0

[Event "HCL-C213"]
[Site "www.playchess.de"]
[Date "2001.04.30"]
[Round "26"]
[White "lienk"]
[Black "wael"]
[WhiteElo "1070"]
[BlackElo "1432"]
[PlyCount "68"]
[Result "0-1"]

1.e4 c5 2.Bc4 e6 3.Nf3 g6 4.O-O Bg7 5.c3 Ne7 6.d4 
cxd4 7.cxd4 O-O 8.Be3 d5 9.exd5 Nxd5 10.Nbd2 Nc6 
11.Re1 a6 12.Qa4 b5 13.Bxb5 Ncb4 14.a3 axb5 
15.Qxa8 Nc2 16.Rac1 Nxe1 17.Rxc8 Nxf3+ 18.Nxf3 
Qxc8 19.Qa5 Nxe3 20.fxe3 Qc1+ 21.Kf2 Qxb2+ 22.Kg3 
Bf6 23.a4 bxa4 24.Qxa4 h5 25.e4 h4+ 26.Kg4 Qxg2+ 
27.Kf4 g5+ 28.Ke3 g4 29.Ne1 Bg5+ 30.Kd3 Qd2+ 
31.Kc4 Rc8+ 32.Kb3 Rc3+ 33.Kb4 Qxd4+ 34.Ka5 
Rc5+ 0-1

[Event "HCL-C224"]
[Site "www.playchess.de"]
[Date "2001.04.30"]
[Round "6"]
[White "yaroslav"]
[Black "Buddha"]
[WhiteElo "1109"]
[BlackElo "1000"]
[PlyCount "50"]
[Result "0-1"]

1.f4 d5 2.Nf3 Nf6 3.d4 e6 {That move did not make 
any sense at all.}  4.e3 c5 5.Bb5+ Bd7 6.a4 Bxb5 
7.axb5 b6 8.Ne5 a6 9.O-O cxd4 10.Qxd4 Bc5 11.Qa4 
O-O 12.bxa6 Rxa6 13.Nc6 Rxa4 14.Nxd8 Rxa1 15.Nc3 
Bxe3+ 16.Bxe3 Rxf1+ 17.Kxf1 d4 18.Bxd4 Rxd8 
19.Bxb6 Rd2 20.Bc7 Nc6 21.Nb5 Rxc2 22.Nd6 Rxb2 
23.Bd8 Nxd8 24.Kg1 Ng4 25.h3 Rb1+ {Thank you for 
the game.}  0-1